书目信息 |
| 题名: |
房地产营销与管理
|
|
| 作者: | 周宇林山 编著 | |
| 分册: | ||
| 出版信息: | 大连 东北财经大学出版社 2000.04 |
|
| 页数: | 389页 | |
| 开本: | 32开 | |
| 丛书名: | ||
| 单 册: | ||
| 中图分类: | F293.33 | |
| 科图分类: | ||
| 主题词: | 城市经济 , 市政经济 | |
| 电子资源: | ||
| ISBN: | 7-81044-672-X | |
| 000 | 00599nam0 2200205 45 | |
| 001 | 0103281551 | |
| 005 | 20010328151618.5 | |
| 010 | @a7-81044-672-X@d18.00元 | |
| 100 | @a20010328d2000 km y0chiy0120 ea | |
| 101 | 0 | @achi |
| 105 | @a z 000yy | |
| 200 | 1 | @a房地产营销与管理@AFang Di Chan Ying Xiao Yu Guan Li@f周宇林山编著@FZhou Yu Lin Shan Bian Zhu |
| 210 | @a大连@c东北财经大学出版社@d2000.04 | |
| 215 | @a389页@d32开 | |
| 606 | 0 | @a城市经济 |
| 606 | 0 | @a市政经济 |
| 690 | @aF293.33@v3 | |
| 701 | 0 | @a周宇林山@4编著 |
| 801 | @aCN@bPftUser@c20010328 | |
| 905 | @b333168-173@dF293.33@eZH465@f6 | |
| 房地产营销与管理/周宇林山编著.-大连:东北财经大学出版社,2000.04 |
| 389页;32开 |
| ISBN 7-81044-672-X:18.00元 |
| ● |
| 相关链接 |
|
|
|
正题名:房地产营销与管理
索取号:F293.33/ZH465
 
预约/预借
| 序号 | 登录号 | 条形码 | 馆藏地/架位号 | 状态 | 备注 |
| 1 | 333168 | 203331689 | 社科库409/409社科库 109排2列5层/ [索取号:F293.33/ZH465] | 在馆 | |
| 2 | 333169 | 203331698 | 社科库409/409社科库 109排2列5层/ [索取号:F293.33/ZH465] | 在馆 | |
| 3 | 333170 | 203331705 | 社科库409/409社科库 109排2列5层/ [索取号:F293.33/ZH465] | 在馆 | |
| 4 | 333171 | 203331714 | 社科库409/ [索取号:F293.33/ZH465] | 在馆 | |
| 5 | 333172 | 203331723 | 社科库409/409社科库 109排2列5层/ [索取号:F293.33/ZH465] | 在馆 | |
| 6 | 333173 | 203331732 | 社科库409/409社科库 109排2列5层/ [索取号:F293.33/ZH465] | 在馆 |